000 00548nam a22001817a 4500
005 20231026134113.0
008 231026b |||||||| |||| 00| 0 eng d
020 _a0620055057
041 _aEnglish
082 _a346.7 QUE
100 _lEngllish
245 _aQuestions on Banking Practice in South Africa
250 _aSixth Edition
260 _aJohannesburg :
_bThe Institute of Bankers in South Africa,
_c1981
300 _bviii, 269 pages ;
_c22 cm.
650 _aLegal practice
_bLaw
942 _cBK
_6ALISON_BN_VRIES
999 _c93
_d93